[Event "Mosonmagyarovar op"]
[Site "Mosonmagyarovar"]
[Date "2017.10.01"]
[Round "7"]
[White "Alexandrov, Ilya"]
[Black "Salgovic, Simon"]
[Result "1/2-1/2"]
[WhiteElo "1224"]
[BlackElo "1613"]
[PlyCount "48"]
[EventDate "2017.09.28"]
[EventType "swiss"]
[EventRounds "7"]
[EventCountry "HUN"]
[SourceTitle "EXT 2019"]
[Source "ChessBase"]
[SourceDate "2018.10.10"]
[SourceVersion "1"]
[SourceVersionDate "2018.10.10"]
[SourceQuality "1"]

1. e4 e5 2. Nf3 Nf6 3. d4 Nxe4 4. dxe5 d5 5. exd6 Nxd6 6. Bd3 Nc6 7. 0-0 Be7 8. Bf4 Bg4 9. Nbd2 Qd7 10. Re1 0-0-0 11. a4 g5 12. Be3 f5 13. c3 Bf6 14. Qc2 Nf7 15. h3 Qxd3 16. Qxd3 Rxd3 17. hxg4 fxg4 18. Nh2 h5 19. Ne4 Be7 20. Rad1 Rhd8 21. Rxd3 Rxd3 22. Nf1 a5 23. Nfg3 h4 24. Nf5 Rd5 1/2-1/2

[Event "Mosonmagyarovar op"]
[Site "Mosonmagyarovar"]
[Date "2017.09.30"]
[Round "4"]
[White "Alexandrov, Ilya"]
[Black "Halmai, Florian"]
[Result "1-0"]
[WhiteElo "1224"]
[BlackElo "1479"]
[PlyCount "45"]
[EventDate "2017.09.28"]
[EventType "swiss"]
[EventRounds "7"]
[EventCountry "HUN"]
[SourceTitle "EXT 2019"]
[Source "ChessBase"]
[SourceDate "2018.10.10"]
[SourceVersion "1"]
[SourceVersionDate "2018.10.10"]
[SourceQuality "1"]

1. e4 c5 2. c3 d6 3. d4 cxd4 4. cxd4 a6 5. Nc3 e6 6. Nf3 Qc7 7. Bd3 b5 8. 0-0 g6 9. Re1 Bg7 10. d5 Nf6 11. Bg5 Bb7 12. dxe6 fxe6 13. Rc1 Qd7 14. e5 Nd5 15. Nxd5 Bxd5 16. Bf6 0-0 17. Bxg7 Kxg7 18. exd6 Qxd6 19. Be4 Nd7 20. Qd4+ Kg8 21. Ng5 Rad8 22. Nxe6 Qxe6 23. Bxd5 1-0

[Event "Mosonmagyarovar op"]
[Site "Mosonmagyarovar"]
[Date "2017.09.30"]
[Round "5"]
[White "Torok, Attila"]
[Black "Alexandrov, Ilya"]
[Result "1-0"]
[WhiteElo "1617"]
[BlackElo "1224"]
[PlyCount "67"]
[EventDate "2017.09.28"]
[EventType "swiss"]
[EventRounds "7"]
[EventCountry "HUN"]
[SourceTitle "EXT 2019"]
[Source "ChessBase"]
[SourceDate "2018.10.10"]
[SourceVersion "1"]
[SourceVersionDate "2018.10.10"]
[SourceQuality "1"]

1. e4 e6 2. Nf3 d5 3. exd5 exd5 4. d4 Bd6 5. Be2 Ne7 6. Bg5 Bf5 7. Nc3 c6 8. 0-0 0-0 9. Nh4 f6 10. Be3 Qc7 11. g3 Bh3 12. Re1 f5 13. Bg5 Ng6 14. Nxg6 hxg6 15. f4 Nd7 16. Bf3 Nb6 17. Qd3 Rae8 18. Re2 Nc4 19. b3 Na5 20. Rae1 Rxe2 21. Qxe2 b5 22. Nd1 Qb6 23. Qe6+ Rf7 24. Qxd6 Qxd4+ 25. Kh1 Qd2 26. Qe6 Qxc2 27. Qe2 Qxe2 28. Rxe2 Rd7 29. Kg1 c5 30. Nf2 Bg4 31. Nxg4 fxg4 32. Bxg4 Rd6 33. Be7 Rc6 34. Be6+ 1-0